Democracias pendientes y representación política en América Latina: algunas ideas en voz alta /
Đã lưu trong:
| Tác giả chính: | |
|---|---|
| Định dạng: | Không biết |
| Được phát hành: |
Caracas:
Unesco. Nueva Sociedad
|
| Những chủ đề: | |
| Các nhãn: |
Thêm thẻ
Không có thẻ, Là người đầu tiên thẻ bản ghi này!
|
MARC
| LEADER | 00000 a2200000 04500 | ||
|---|---|---|---|
| 001 | 39132 | ||
| 003 | cru IIS | ||
| 005 | 20230705103802.0 | ||
| 008 | 991231s d | ||
| 020 | |a 980-317-001-5 | ||
| 022 | |a 980-317-001-5 | ||
| 040 | |a CRAI/IIS |c CRAI/IIS | ||
| 090 | |a 0002 L864d | ||
| 100 | |a Menéndez Carrión, Amparo |9 11541 | ||
| 245 | |a Democracias pendientes y representación política en América Latina: algunas ideas en voz alta / |c Amparo Menéndez Carrión | ||
| 260 | |a Caracas: |b Unesco. Nueva Sociedad | ||
| 300 | |a 67-92 p. | ||
| 650 | |a DEMOCRACIA | ||
| 650 | |a HISTORIA | ||
| 650 | |a IDEOLOGIAS | ||
| 650 | |a GOBIERNO | ||
| 650 | |a ESTADO | ||
| 650 | |a ASPECTOS SOCIALES | ||
| 650 | |a ASPECTOS ECONOMICOS | ||
| 650 | |a NICARAGUA | ||
| 773 | 0 | |0 14659 |9 9356 |a López Maya, Margarita |d Caracas: Unesco. Nueva Sociedad 1991 |o 06311 |t Desarrollo y democracia / |w (cru CIDCACS/IIS)39129 |x 980-317-001-5 |z 980-317-001-5 | |
| 942 | |2 ddc |c LI | ||
| 999 | |c 6307 |d 6307 | ||



